Normal view
MARC view
Entry Corporate Name
001 - CONTROL NUMBER
- control field: 18019
003 - CONTROL NUMBER IDENTIFIER
- control field: ARRUPE
005 - DATE AND TIME OF LATEST TRANSACTION
- control field: 20150713145405.0
008 - FIXED-LENGTH DATA ELEMENTS
- fixed length control field: 150713|| aca||aabn | a|a d
040 ## - CATALOGING SOURCE
- Original cataloging agency: ARRUPE
- Transcribing agency: ARRUPE
110 ## - HEADING--CORPORATE NAME
- Corporate name or jurisdiction name as entry element: Jesuit Centre for Faith and Justice.
670 ## - SOURCE DATA FOUND
- Source citation: Work cat.: (ARRUPE)0: Jesuit center for faith and justice 18015, Windows on social spirituality /, 2003.